[Event "BL 2018-19"]
[Site "Berlin"]
[Date "2019.03.02"]
[Round "10.31"]
[White "Hoffmann, Paul"]
[Black "Nestorovic, Nikola"]
[Result "1-0"]
[WhiteElo "2376"]
[BlackElo "2455"]
[Annotator "ChessBase"]
[PlyCount "85"]
[EventDate "2018.11.10"]
[EventType "team-tourn"]
[EventCountry "GER"]
[SourceTitle "playchess.com"]
[Source "ChessBase"]
[SourceQuality "1"]
[WhiteTeam "Dresden"]
[BlackTeam "Augsburg"]
[TimeControl "40/6000+30:3000+30"]

1. e4 {[%emt 0:00:00]} e5 {[%emt 0:00:00]} 2. Nf3 {[%emt 0:00:00]} Nc6 {[%emt 0:00:00]} 3. Bc4 {[%emt 0:00:00]} Nf6 {[%emt 0:00:56]} 4. d3 {[%emt 0:00:00]} Be7 {[%emt 0:01:23]} 5. O-O {[%emt 0:00:29]} O-O {[%emt 0:00:11]} 6. Bb3 {[%emt 0:02:21]} d6 {[%emt 0:01:39]} 7. c3 {[%emt 0:00:09]} Na5 {[%emt 0:00:15]} 8. Bc2 {[%emt 0:00:14]} c5 {[%emt 0:00:10]} 9. a4 {[%emt 0:01:19]} Nc6 {[%emt 0:01:47]} 10. Nbd2 {[%emt 0:02:56]} Re8 {[%emt 0:00:58]} 11. Re1 {[%emt 0:02:59]} Bf8 {[%emt 0:00:49]} 12. h3 {[%emt 0:04:18]} h6 {[%emt 0:06:56]} 13. Nf1 {[%emt 0:12:17]} g6 {[%emt 0:01:32]} 14. Ng3 {[%emt 0:02:06]} Bg7 {[%emt 0:00:17]} 15. Be3 {[%emt 0:00:21]} b6 {[%emt 0:14:31]} 16. d4 {[%emt 0:07:26]} cxd4 {[%emt 0:07:38]} 17. cxd4 {[%emt 0:00:12]} Nxd4 {[%emt 0:01:14]} 18. Nxd4 {[%emt 0:00:39]} exd4 {[%emt 0:00:04]} 19. Bxd4 {[%emt 0:00:08]} h5 {[%emt 0:09:08]} 20. Qf3 {[%emt 0:18:33]} Be6 {[%emt 0:18:53]} 21. Bd3 {[%emt 0:09:27]} Rc8 {[%emt 0:11:24]} 22. Ba6 {[%emt 0:01:18]} Rc7 {[%emt 0:00:27]} 23. Rad1 {[%emt 0:02:13]} h4 {[%emt 0:08:12]} 24. Nf1 {[%emt 0:02:36]} Bd7 {[%emt 0:05:39]} 25. e5 {[%emt 0:15:41]} Bc6 {[%emt 0:00:05]} 26. Qa3 {[%emt 0:00:06]} Ne4 {[%emt 0:15:01]} 27. exd6 {[%emt 0:16:58]} Bxd4 {[%emt 0:00:21]} 28. Rxd4 {[%emt 0:01:20]} Rd7 {[%emt 0:00:02]} 29. Bb5 {[%emt 0:02:44]} Bxb5 {[%emt 0:03:33]} 30. axb5 {[%emt 0:00:02]} f5 {[%emt 0:01:22]} 31. f3 {[%emt 0:02:04]} Nc5 {[%emt 0:00:30]} 32. Rxe8+ {[%emt 0:01:40]} Qxe8 {[%emt 0:00:03]} 33. Qe3 {[%emt 0:01:17]} Qxe3+ {[%emt 0:00:53]} 34. Nxe3 {[%emt 0:00:01]} Ne6 {[%emt 0:00:31]} 35. Rd2 {[%emt 0:00:35]} Nd8 {[%emt 0:00:34]} 36. Nc4 {[%emt 0:01:13]} Nf7 {[%emt 0:00:30]} 37. Rd4 {[%emt 0:00:36]} g5 {[%emt 0:00:19]} 38. f4 {[%emt 0:01:35]} Kg7 {[%emt 0:00:41]} 39. fxg5 {[%emt 0:00:25]} Nxg5 {[%emt 0:00:09]} 40. Ne5 Ne6 41. Rd1 {[%emt 0:04:22]} Rd8 {[%emt 0:00:00]} 42. d7 {[%emt 0:00:32]} Nf8 {[%emt 0:05:46]} 43. Rd6 {[%emt 0:00:21]} 1-0

[Event "BL 2018-19"]
[Site "Berlin"]
[Date "2019.03.02"]
[Round "10.32"]
[White "Pitl, Gregory"]
[Black "Loxine, Jakov"]
[Result "1/2-1/2"]
[WhiteElo "2387"]
[BlackElo "2393"]
[Annotator "NA"]
[PlyCount "53"]
[EventDate "2018.11.10"]
[EventType "team-tourn"]
[EventCountry "GER"]
[SourceTitle "playchess.com"]
[Source "ChessBase"]
[SourceQuality "1"]
[WhiteTeam "Augsburg"]
[BlackTeam "Dresden"]
[TimeControl "40/6000+30:3000+30"]

1. e4 {[%emt 0:00:00]} c5 {[%emt 0:00:00]} 2. Nf3 {[%emt 0:00:00]} Nc6 {[%emt 0:00:00]} 3. d4 {[%emt 0:00:00]} cxd4 {[%emt 0:00:00]} 4. Nxd4 {[%emt 0:00:00]} e5 {[%emt 0:00:00]} 5. Nb5 {[%emt 0:00:06]} d6 {[%emt 0:00:00]} 6. N1c3 {[%emt 0:00:29]} a6 {[%emt 0:00:02]} 7. Na3 {[%emt 0:00:04]} Be6 {[%emt 0:00:07]} 8. Nc4 {[%emt 0:03:44]} Rb8 {[%emt 0:00:13]} 9. a4 {[%emt 0:01:43]} Nb4 {[%emt 0:05:55]} 10. Be2 {[%emt 0:14:24]} Qc7 {[%emt 0:14:13]} 11. Ne3 {[%emt 0:01:05]} Nf6 {[%emt 0:00:48]} 12. Ncd5 {[%emt 0:11:03]} Nbxd5 {[%emt 0:10:13]} 13. exd5 {[%emt 0:00:27]} Bd7 {[%emt 0:00:07]} 14. a5 {[%emt 0:13:22]} g6 {[%emt 0:06:07]} 15. O-O {[%emt 0:00:15]} Bg7 {[%emt 0:00:13]} 16. c4 {[%emt 0:07:23]} O-O {[%emt 0:00:23]} 17. b4 {[%emt 0:03:28]} Ne4 {[%emt 0:18:18]} 18. Qd3 {[%emt 0:13:24]} f5 {[%emt 0:00:53]} 19. Ba3 {[%emt 0:00:37]} b5 {[%emt 0:17:55]} 20. axb6 {[%emt 0:05:01]} Qxb6 {[%emt 0:00:06]} 21. Rac1 {[%emt 0:03:56]} Rfc8 {[%emt 0:01:49]} 22. Bf3 {[%emt 0:07:26]} a5 {[%emt 0:12:04]} 23. bxa5 {[%emt 0:07:04]} Qxa5 {[%emt 0:03:00]} 24. Bxe4 {[%emt 0:00:16]} fxe4 {[%emt 0:00:05]} 25. Qc3 {[%emt 0:00:03]} Qxc3 {[%emt 0:00:43]} 26. Rxc3 {[%emt 0:00:05]} Bf8 {[%emt 0:01:20]} 27. Rfc1 1/2-1/2

[Event "BL 2018-19"]
[Site "Berlin"]
[Date "2019.03.03"]
[Round "11.1"]
[White "Mamedyarov, Shakhriyar"]
[Black "Caruana, Fabiano"]
[Result "1/2-1/2"]
[WhiteElo "2790"]
[BlackElo "2828"]
[Annotator "TA"]
[PlyCount "61"]
[EventDate "2018.11.10"]
[EventType "team-tourn"]
[EventCountry "GER"]
[SourceTitle "playchess.com"]
[Source "ChessBase"]
[SourceQuality "1"]
[WhiteTeam "Viernheim"]
[BlackTeam "Baden-Baden"]

{[%evp 9,61,18,12,0,-10,0,14,16,18,21,35,35,35,36,25,27,29,27,33,45,31,33,25,17,34,25,37,31,31,31,25,25,33,38,21,24,33,30,41,25,29,7,13,0,0,0,0,0,4,4,4,4,4,4]} 1. d4 Nf6 2. c4 e6 3. Nf3 d5 4. Nc3 dxc4 5. e4 Bb4 6. Bxc4 {D24: Queen's Gambit Accepted: 3 Nf3 Nf6 4 Nc3} Nxe4 7. O-O Nf6 8. Qa4+ Nc6 9. Ne5 Rb8 10. d5 exd5 {[#]} 11. Nxd5 $1 {[%mdl 512]} Nxd5 12. Nxc6 bxc6 13. Qxc6+ Qd7 {[#]} 14. Qxd5 $146 ({Predecessor:} 14. Bxd5) 14... O-O 15. Qxd7 Bxd7 16. Rd1 Bg4 17. f3 Bc5+ 18. Kf1 Be6 19. Bxe6 fxe6 20. b3 Bd6 21. h3 Rf5 22. Bd2 Rd5 23. Be1 Bf4 24. g3 Bd6 25. f4 h5 {The position is equal.} 26. h4 Kf7 27. Ke2 Rbb5 28. Kf3 Rf5 29. Rac1 e5 {[%cal Re5f4]} 30. Rc4 exf4 31. gxf4 {Accuracy: White = 73%, Black = 73%.} 1/2-1/2

[Event "BL 2018-19"]
[Site "Berlin"]
[Date "2019.03.03"]
[Round "11.1"]
[White "Grandelius, Nils"]
[Black "Navara, David"]
[Result "1/2-1/2"]
[WhiteElo "2678"]
[BlackElo "2733"]
[Annotator "TA"]
[PlyCount "96"]
[EventDate "2018.11.10"]
[EventType "team-tourn"]
[EventCountry "GER"]
[SourceTitle "playchess.com"]
[Source "ChessBase"]
[SourceQuality "1"]
[WhiteTeam "Hamburg SK"]
[BlackTeam "Muelheim"]

{[%evp 19,96,-11,2,-13,0,-9,-20,-18,-8,-29,0,-6,0,-16,0,0,0,-12,0,-21,-24,-24,-24,-31,-26,-32,0,-18,0,0,0,0,0,0,0,0,0,0,0,0,0,0,0,0,0,0,0,0,0,0,0,0,0,0,0,0,0,0,0,0,0,0,0,0,0,0,0,-16,0,0,0,0,0,0,0,0,0,0,0]} 1. d4 {Gershon,A} Nf6 2. c4 e6 3. Nf3 b6 4. g3 Ba6 5. Qb3 Nc6 6. Nbd2 d5 7. Qa4 {E15: Queen's Indian: 4 g3 sidelines, 4 g3 Ba6 and 4 g3 Bb7 early deviations} (7. Bg2 Bd6 8. cxd5 exd5 9. Ne5 Na5 10. Qa4+ c6 11. O-O O-O 12. Re1 Re8 13. Ndf3 Ne4 14. Bf4 c5 15. Rac1 Bb7 16. Nd3 Bf8 17. dxc5 bxc5 18. b4 Nc4 19. bxc5 Nxc5 20. Nxc5 Bxc5 21. e3 {½-½ (21) Moiseenko,A (2698)-Kryvoruchko,Y (2710) Germany 2014}) 7... Bb7 8. cxd5 exd5 9. Bg2 Bd6 10. O-O O-O {LiveBook: 4 Games} 11. Nb1 Ne4 12. Nc3 Nxc3 13. bxc3 Na5 {[%cal Bc6a5,Ba5c4,Bc4d6,Bd6e4][%mdl 32] [#]} 14. Re1 $146 ({Predecessor:} 14. Nd2 Qe8 {½-½ (30) Morovic Fernandez,I (2564)-San Segundo Carrillo,P (2516) Mallorca 2004 CBM 104 [Gershon,A]}) 14... c5 15. dxc5 Bxc5 16. Bg5 Qe8 (16... f6 {keeps more tension.} 17. Bc1 Qe7 18. Nd4 Nc4 19. Rb1 Qf7) 17. Qxe8 Rfxe8 18. Rad1 Nc4 19. Bc1 Nd6 20. Nd4 Ne4 21. Bb2 Rac8 22. e3 Bxd4 23. Rxd4 {The position is equal.} Nxc3 24. Bxc3 Rxc3 25. Bxd5 Bxd5 26. Rxd5 $15 {[%mdl 4096] Endgame KRR-KRR} Rec8 27. Red1 {[#] White wants to mate with Rd8+.} Rc1 (27... g6 {seems wilder.} 28. a4 Rc1 29. Rxc1 Rxc1+ 30. Kg2 Ra1) 28. Rd8+ (28. Rxc1 {is more complex.} Rxc1+ 29. Kg2 g6 30. Rd7 a5 31. Rb7) 28... Rxd8 29. Rxc1 $11 {KR-KR} g6 30. Rc7 a5 31. Rb7 Rd1+ 32. Kg2 Rb1 33. a4 Rb4 34. Kf3 f5 35. h3 h5 36. e4 Rxe4 37. Rxb6 Kg7 38. Rb7+ Kf6 39. Rb6+ Kg7 40. Rb7+ Kh6 41. Ra7 Rxa4 42. h4 Ra2 43. Kg2 a4 44. Kf3 Ra1 45. Kg2 Ra3 46. Kh2 Ra1 47. Kg2 a3 48. Kf3 Ra2 {Precision: White = 68%, Black = 61%.} 1/2-1/2

[Event "BL 2018-19"]
[Site "Berlin"]
[Date "2019.03.03"]
[Round "11.2"]
[White "Vachier-Lagrave, Maxime"]
[Black "Kryvoruchko, Yuriy"]
[Result "1/2-1/2"]
[WhiteElo "2775"]
[BlackElo "2698"]
[Annotator "TA"]
[PlyCount "66"]
[EventDate "2018.11.10"]
[EventType "team-tourn"]
[EventCountry "GER"]
[SourceTitle "playchess.com"]
[Source "ChessBase"]
[SourceQuality "1"]
[WhiteTeam "Baden-Baden"]
[BlackTeam "Viernheim"]

{[%evp 12,66,14,-16,0,0,0,0,0,0,5,7,27,20,26,31,20,12,33,23,57,30,23,23,77,24,60,15,13,0,0,0,0,0,0,0,0,17,22,9,37,0,0,0,0,0,0,0,0,0,0,0,0,0,0,0,0]} 1. Nf3 d5 2. g3 Nf6 3. Bg2 e6 4. O-O Be7 5. d3 O-O 6. Nbd2 Nc6 7. b3 {LiveBook: 3 Games. A07: Réti Opening: New York and Capablanca Systems} (7. d4 Ne4 8. c4 f5 9. e3 a5 10. Qc2 b6 11. a3 Bb7 12. b3 Bf6 13. Bb2 Ne7 14. b4 Qd7 {1-0 (43) Artemiev,V (2709)-Firouzja,A (2607) St Petersburg 2018}) 7... a5 8. Bb2 a4 $146 ({Predecessor:} 8... Nh5 9. c4 Bb4 10. Ne5 f6 11. Nxc6 bxc6 12. Rc1 f5 13. e3 g6 14. f4 Bd6 {1-0 (25) Carrillo Muniz,J-Heinze,K CServe email 1995}) 9. a3 axb3 10. cxb3 Nb8 11. e4 c5 12. exd5 exd5 13. d4 b6 14. Re1 Nc6 15. Qc2 Bb7 16. dxc5 bxc5 17. Rad1 d4 (17... Nd7 $11 {keeps the balance.}) 18. Nc4 (18. Ne5 $16 Nxe5 19. Bxb7) 18... Re8 19. Ng5 {Threatening Nxf7!} (19. b4 $5) 19... Rc8 20. Qf5 h6 21. Ne4 Nxe4 $1 22. Bxe4 {[#] White wants to mate with Qh7+.} g6 23. Qf3 Bf8 24. Bd5 Rxe1+ 25. Rxe1 Rc7 26. h4 (26. Bc1 $5 {[%cal Rc1f4]} d3 27. Qxd3 $14) 26... Na5 {The position is equal.} 27. Bxb7 $1 Rxb7 28. Nxa5 Qxa5 29. b4 Qa7 30. h5 g5 $1 31. Re8 Rb8 32. Rxb8 Qxb8 33. Qd3 Qe5 {Precision: White = 70%, Black = 62%.} 1/2-1/2

[Event "BL 2018-19"]
[Site "Berlin"]
[Date "2019.03.03"]
[Round "11.2"]
[White "Tregubov, Pavel V."]
[Black "Svane, Rasmus"]
[Result "1/2-1/2"]
[WhiteElo "2592"]
[BlackElo "2600"]
[Annotator "TA"]
[PlyCount "54"]
[EventDate "2018.11.10"]
[EventType "team-tourn"]
[EventCountry "GER"]
[SourceTitle "playchess.com"]
[Source "ChessBase"]
[SourceQuality "1"]
[WhiteTeam "Muelheim"]
[BlackTeam "Hamburg SK"]

{[%evp 26,54,12,0,0,0,0,0,0,0,0,0,0,0,0,-19,-16,-17,-22,-20,-30,-30,-13,-21,-17,-17,-17,-17,-17,-20,-10]} 1. d4 Nf6 2. c4 e6 3. Nc3 Bb4 4. e3 O-O 5. Bd3 d5 6. Nge2 c5 7. cxd5 cxd4 8. exd4 Nxd5 9. O-O Nc6 10. Nxd5 exd5 {E48: Nimzo-Indian: Rubinstein: 5 Bd3 d5 including 6 Ne2, but excluding 6 a3} 11. Nf4 Re8 12. Be3 Bd6 13. Qf3 h6 (13... Nb4 14. Bb1 Qf6 15. a3 Bxf4 16. Qxf4 Qxf4 17. Bxf4 Nc6 18. Be3 {½-½ (55) Kazhgaleyev,M (2587)-Gelfand,B (2673) St Petersburg 2018}) 14. Rfe1 {LiveBook: 4 Games} ({Not} 14. Qxd5 $2 Bxf4 15. Qxd8 Rxd8 $19) 14... Nb4 $146 ({Predecessor:} 14... Bxf4 15. Bxf4 Be6 16. Qg3 Qf6 17. h4 Kh8 18. Be5 Nxe5 19. Rxe5 {1-0 (36) Nakhbayeva,G (2371)-Makhija,A (2181) Makati 2018}) 15. a3 Nxd3 16. Nxd3 Re4 17. h3 Bd7 18. Bf4 Bxf4 19. Nxf4 Rxd4 {aiming for ...Qf6.} 20. Nxd5 Bc6 21. Ne7+ {[#]} Qxe7 $1 {[%mdl 512]} 22. Rxe7 Bxf3 23. gxf3 $11 {KRR-KRR} b6 24. Rc1 {The position is equal.} a5 25. Rc6 Rb8 26. Kg2 Rd5 27. Re4 Rg5+ {Precision: White = 63%, Black = 83%.} 1/2-1/2

[Event "BL 2018-19"]
[Site "Berlin"]
[Date "2019.03.03"]
[Round "11.3"]
[White "Korobov, Anton"]
[Black "Anand, Viswanathan"]
[Result "1-0"]
[WhiteElo "2703"]
[BlackElo "2779"]
[Annotator "TA"]
[PlyCount "53"]
[EventDate "2018.11.10"]
[EventType "team-tourn"]
[EventCountry "GER"]
[SourceTitle "playchess.com"]
[Source "ChessBase"]
[SourceQuality "1"]
[WhiteTeam "Viernheim"]
[BlackTeam "Baden-Baden"]

{[%evp 9,53,27,27,8,0,4,4,13,14,10,11,0,48,58,62,61,59,57,76,80,76,68,71,77,97,83,68,67,106,93,159,152,218,218,208,214,317,337,345,345,349,352,347,345,517,509]} 1. d4 Nf6 2. c4 e6 3. Nf3 d5 4. Nc3 Be7 5. Bf4 O-O 6. a3 {D37: Queen's Gambit Declined: 5 Bf4} (6. e3 b6 7. Bd3 dxc4 8. Bxc4 Ba6 9. Bxa6 Nxa6 10. Qa4 Qc8 11. O-O c5 12. Rac1 Qb7 13. a3 Rfc8 14. Nb5 Nb8 15. dxc5 bxc5 {½-½ (35) Shankland,S (2725)-Anand,V (2773) Wijk aan Zee 2019}) 6... b6 7. e3 Bb7 8. cxd5 {The position is equal.} Nxd5 9. Nxd5 exd5 10. b4 Nd7 $146 {[%cal Bb8d7,Bd7f6,Bf6e4][%mdl 32]} ({Predecessor:} 10... c5 11. bxc5 bxc5 12. Bd3 Qa5+ 13. Qd2 Qxd2+ 14. Kxd2 {1-0 (57) Scherer,A (2556)-Faber,H (2494) Remote email 2014}) 11. Bd3 Nf6 12. O-O Bd6 13. Qc2 Bxf4 14. exf4 Ne4 15. Rac1 Rc8 16. Ne5 g6 17. Rfe1 Re8 18. g3 Nd6 19. b5 Re7 {[#]} (19... Nc4 $142) 20. f5 $1 $16 Qf8 (20... Ne4 $16 {is a better defense.} 21. f3 (21. Bxe4 dxe4 22. fxg6 hxg6 $11) 21... Nf6) 21. f6 $18 ({Less strong is} 21. fxg6 hxg6 22. Nc6 Rxe1+ 23. Rxe1 Re8 $14) 21... Re6 22. Bf1 Rxf6 (22... Qd8 {might work better.} 23. Bh3 {[%mdl 64] Skewer} Nf5) 23. Nd7 {[%mdl 64] Double Attack} Qd8 24. Nxf6+ Qxf6 25. Bh3 Rd8 26. Qxc7 Ba8 (26... Kf8 {was worth a try.} 27. Bd7 Kg7) 27. a4 {Accuracy: White = 75%, Black = 53%.} 1-0

[Event "BL 2018-19"]
[Site "Berlin"]
[Date "2019.03.03"]
[Round "11.3"]
[White "Huschenbeth, Niclas"]
[Black "Fridman, Daniel"]
[Result "1-0"]
[WhiteElo "2586"]
[BlackElo "2633"]
[Annotator "TA"]
[PlyCount "117"]
[EventDate "2018.11.10"]
[EventType "team-tourn"]
[EventCountry "GER"]
[SourceTitle "playchess.com"]
[Source "ChessBase"]
[SourceQuality "1"]
[WhiteTeam "Hamburg SK"]
[BlackTeam "Muelheim"]

{[%evp 16,117,28,20,33,17,38,39,38,43,64,49,53,54,68,2,22,21,95,92,101,101,107,74,98,62,68,69,55,0,0,4,11,0,0,0,17,5,110,117,120,119,112,119,112,120,120,120,120,120,118,118,165,165,165,165,165,151,173,162,162,154,196,107,117,105,204,191,122,115,335,329,333,333,329,70,77,0,335,306,320,275,258,250,486,461,388,363,427,406,406,381,1308,1209,1008,226,1000,763,481,449,29976,29976,29957,11699]} 1. e4 e5 2. Nf3 Nf6 3. Nxe5 d6 4. Nf3 Nxe4 5. Nc3 Nxc3 6. dxc3 Be7 7. Be3 Nc6 8. Qd2 O-O 9. O-O-O Bf5 {C42: Petroff Defence: 3 Nxe5 and unusual White 3rd moves} 10. Kb1 (10. h4 Qd7 11. h5 h6 12. Nh4 Bh7 13. Kb1 Rae8 14. Bd3 Bxd3 15. Qxd3 Ne5 16. Qd5 Bxh4 17. Rxh4 {½-½ (32) Inarkiev,E (2693)-Ivanchuk,V (2717) Sitges 2018}) 10... Bf6 11. Rg1 Qd7 $146 {White is slightly better.} ({Predecessor:} 11... Ne5 12. Nd4 Bg6 13. Be2 Qd7 14. g4 Nc6 {1-0 (66) Benedetti,A (1950)-Leao,C Bento Goncalves 2010}) 12. h3 Rae8 13. Be2 Be4 14. g4 a6 15. g5 ({White should play} 15. h4 $14) 15... Bd8 $1 $11 16. h4 f5 (16... Ne7 $11) 17. Bf4 $16 Qe6 18. Rge1 b5 19. Nd4 Qf7 20. Nxc6 Bxc6 21. h5 Re6 {Threatening ...Rfe8.} 22. g6 (22. c4 $14) 22... hxg6 $11 23. hxg6 Qxg6 {[#]} 24. Bh5 $1 {[%mdl 512]} Qxh5 25. Rxe6 Be4 26. Rg1 {Black must now prevent Rh6.} Bf6 (26... Kf7 $1 $11 27. Bxd6 (27. Rxe4 fxe4 28. Qd4 {[%mdl 64] Double Attack} Qf5 $11) 27... cxd6 28. Qxd6 Re8 29. Rxe8 Kxe8) 27. Bg5 $16 Kf7 28. Rxe4 $1 {[%mdl 64] Remove Defender} fxe4 29. Qd5+ {[%mdl 64] Double Attack} Ke8 30. Qc6+ Kd8 31. Qa8+ Ke7 32. Qxe4+ Kd7 33. Bxf6 gxf6 {[%mdl 4096] Endgame KQR-KQR} 34. b3 $1 Qe8 35. Qd5 Rf7 36. Kb2 Re7 37. Rg8 Qf7 38. Qg2 d5 39. Ra8 (39. Qh3+ $1 $18 Qe6 40. Qh8) 39... Qe6 40. Qg6 f5 (40... d4 $16 {keeps fighting.} 41. Qd3 (41. cxd4 Qd5 $11) 41... Qe4 42. Qxd4+ Qxd4 43. cxd4 Re2) 41. Qh5 $1 $18 ({Not} 41. Rxa6 Qxg6 42. Rxg6 Re2 $11) 41... Qf6 42. Qh1 Qe5 $2 (42... d4 $16) 43. f4 $1 {[%cal Rf4e5]} ({Less strong is} 43. Rxa6 b4 $14) 43... Qe6 44. Qh8 Re8 {[#]} 45. Qh7+ $2 ({Only move:} 45. Rxe8 $1 $18 {Ra8 would kill now.} Qxe8 46. Qh7+ Kd6 47. Qxf5) 45... Re7 $1 $14 {[%cal Re7h7]} 46. Qh8 $2 $40 {[%mdl 8320] Black needs to defend precisely.} (46. Qh5 $16) 46... Re8 $18 {[#]} 47. Rxe8 $1 Qxe8 {KQ-KQ} 48. Qh7+ Kc6 49. Qxf5 a5 $2 (49... Kd6 {might work better.} 50. Qf6+ Qe6 51. Qd8+ Kc6) 50. Qf6+ Kb7 51. Qd4 Qe6 52. a4 bxa4 53. Qxa4 Qf5 $2 (53... Kb6 54. Qd4+ Kc6) 54. Qb5+ Kc8 55. Qe8+ Kb7 56. Qe5 Qd7 57. f5 a4 (57... Kc6 $18 58. Qf6+ Kb7) 58. bxa4 Qc6 59. Qe7 {Accuracy: White = 69%, Black = 44%.} (59. Qd4 $142 Qa6 60. f6 Qe6 61. Qf4 Qf7 62. Qb4+ Kc8 63. Qe7 Qxe7 64. fxe7) 1-0

[Event "BL 2018-19"]
[Site "Berlin"]
[Date "2019.03.03"]
[Round "11.4"]
[White "Aronian, Levon"]
[Black "Amin, Bassem"]
[Result "1/2-1/2"]
[WhiteElo "2761"]
[BlackElo "2709"]
[Annotator "TA"]
[PlyCount "81"]
[EventDate "2018.11.10"]
[EventType "team-tourn"]
[EventCountry "GER"]
[SourceTitle "playchess.com"]
[Source "ChessBase"]
[SourceQuality "1"]
[WhiteTeam "Baden-Baden"]
[BlackTeam "Viernheim"]

{[%evp 24,81,0,0,0,0,0,0,0,0,0,0,0,-31,-31,-32,-33,-25,-25,-25,0,0,0,0,0,0,0,0,0,0,12,8,9,6,6,11,40,40,40,40,33,33,33,34,54,41,70,63,63,63,63,63,64,13,56,0,0,0,0,0]} 1. e4 e5 2. Nf3 Nc6 3. d4 exd4 4. Nxd4 Nf6 5. Nxc6 bxc6 6. e5 Qe7 7. Qe2 Nd5 8. c4 Ba6 9. b3 g6 10. g3 Bg7 11. Bb2 O-O 12. Bg2 Rae8 13. O-O $1 Bxe5 {C45: Scotch Game} 14. Qxe5 Qxe5 15. Bxe5 Rxe5 16. cxd5 {[#] aiming for Rd1.} Bxf1 17. Kxf1 cxd5 18. Nc3 (18. f4 $5 {[%cal Rf4e5]} Re3 19. Bxd5 $11) (18. Na3 c6 19. Rd1 Rfe8 20. Bf3 Kf8 21. Nc2 {½-½ (32) Salgado Lopez,I (2644)-Kryvoruchko,Y (2689) Riadh 2017}) 18... c6 $1 19. Rd1 Rfe8 20. Bf3 Kf8 21. Ne2 Ke7 $146 22. Rd4 Kd6 23. Ra4 Ra8 24. Nf4 Kc7 25. Nd3 Ree8 26. Ra6 Kb7 27. Nc5+ Kc7 28. b4 Reb8 29. a3 Re8 30. Bd1 {[%mdl 1024] White has compensation.} Reb8 31. Be2 f5 32. Ke1 Rf8 33. f4 Rfe8 34. Kd2 d6 35. Nb3 {Black must now prevent Nd4.} Reb8 $1 36. Nd4 Rb6 37. Ra5 a6 38. Bd3 (38. Nc2 $14) 38... Kb7 39. Ne2 ({White should try} 39. Nc2 $14) 39... Kc7 $11 40. Nc3 Rbb8 41. Bf1 {Accuracy: White = 70%, Black = 57%.} 1/2-1/2

[Event "BL 2018-19"]
[Site "Berlin"]
[Date "2019.03.03"]
[Round "11.4"]
[White "Beerdsen, Thomas"]
[Black "Lampert, Jonas"]
[Result "1/2-1/2"]
[WhiteElo "2474"]
[BlackElo "2547"]
[Annotator "TA"]
[PlyCount "92"]
[EventDate "2018.11.10"]
[EventType "team-tourn"]
[EventCountry "GER"]
[SourceTitle "playchess.com"]
[Source "ChessBase"]
[SourceQuality "1"]
[WhiteTeam "Muelheim"]
[BlackTeam "Hamburg SK"]

{[%evp 12,92,26,14,14,14,10,16,16,-8,-17,-14,-8,-17,-18,-32,-8,-55,-52,-56,-54,-58,-32,-63,-63,-63,-63,-57,-58,-63,-37,-52,-40,-133,-133,-131,-131,-135,-80,-80,-80,-80,-80,-81,-81,-81,-81,-91,-81,-119,-54,-53,-28,-20,-20,-20,-20,-20,-20,-22,-20,-75,-43,-43,-43,-43,-43,-43,-43,-43,0,0,0,0,0,0,0,0,0,0,0,0,0]} 1. e4 e5 2. Nf3 Nc6 3. Bc4 Nf6 4. d3 Bc5 5. c3 d6 6. O-O h6 7. Re1 a5 {C54: Giuoco Piano: 4 c3 Nf6, main lines with 5 d4 and 5 d3} (7... O-O 8. h3 a5 9. Nbd2 Be6 10. Bb5 Qb8 11. Nf1 Qa7 12. Be3 Bxe3 13. Nxe3 Ne7 14. a4 Ng6 15. Bc4 Bxc4 16. Nxc4 {1-0 (64) Karjakin,S (2753)-Svidler,P (2737) St Petersburg 2018}) 8. d4 Bb6 9. h3 O-O 10. dxe5 $146 ({Predecessor:} 10. Be3 exd4 11. cxd4 d5 12. exd5 Ne7 13. Nc3 Nfxd5 {½-½ (56) Mulligan,B (2354)-Mozelius,P (2271) ICCF email 2016}) 10... Nxe5 11. Nxe5 dxe5 12. Qxd8 (12. Nd2 {looks sharper.} a4 13. Qe2 Qe7 14. Nf3 Bd7 15. Be3) 12... Rxd8 13. Nd2 Bd7 14. Bb3 a4 15. Bc2 Be6 16. Nf1 Nd7 (16... a3 {with more complications.} 17. b3 Nh5 18. Nh2 Nf4 19. Nf3 Ng6) 17. Be3 Bxe3 18. Nxe3 Nc5 19. Kf1 Ra6 20. f3 Rad6 21. h4 b5 22. Red1 (22. a3 $15) 22... Rxd1+ $17 23. Bxd1 {[#]} Rd2 $1 24. b4 axb3 (24... Nd3 $142 {Strongly threatening ...Rf2+.} 25. Be2 a3 26. Bxd3 Rxd3 {[%mdl 64] Double Attack}) 25. Bxb3 Nxb3 26. axb3 {[%mdl 4096] Endgame KRB-KRN} Rd3 27. Nd5 Bxd5 28. exd5 Rxc3 {KR-KR} 29. Ra8+ Kh7 30. Rc8 {[#] next d6! is good for White.} Rc5 (30... b4 $1 $17 31. h5 g6) 31. h5 $15 g6 32. b4 $1 {[%cal Rb4c5]} Rxd5 {Threatening ...Rd7.} 33. Rxc7 Kg7 34. hxg6 Kxg6 35. Rb7 f5 36. g3 (36. Kf2 $11 {keeps the balance.}) 36... e4 37. Ke2 Kg5 38. Rb6 exf3+ 39. Kxf3 Rd3+ 40. Kf2 Rd5 41. Ke3 {The position is equal.} h5 42. Rb8 Rd1 (42... Kg4 $5 43. Rg8+ $8 Kh3 $11) 43. Rg8+ Kf6 44. Rf8+ Kg5 45. Rg8+ Kf6 46. Rf8+ Kg5 {Accuracy: White = 53%, Black = 54%.} 1/2-1/2